[Event "SRB-chT 2nd League East"]
[Site "Knic"]
[Date "2019.09.07"]
[Round "3.7"]
[White "Vukasinovic, Sasa"]
[Black "Djordjevic, Dejan N"]
[Result "0-1"]
[WhiteElo "1937"]
[BlackElo "2169"]
[PlyCount "80"]
[EventDate "2019.09.06"]
[EventType "team-tourn"]
[EventRounds "11"]
[EventCountry "SRB"]
[SourceTitle "EXT 2020"]
[Source "ChessBase"]
[SourceDate "2019.10.17"]
[SourceVersion "1"]
[SourceVersionDate "2019.10.17"]
[SourceQuality "1"]
[WhiteTeam "Surdulica Radnik"]
[BlackTeam "Nis Nais"]
[WhiteTeamCountry "SRB"]
[BlackTeamCountry "SRB"]

1. e4 c5 2. Nc3 Nc6 3. f4 d6 4. Nf3 g6 5. Bc4 Bg7 6. d3 a6 7. a4 e6 8. 0-0 Nge7 9. f5 exf5 10. exf5 d5 11. f6 Bxf6 12. Bb3 0-0 13. Bh6 Bg7 14. Bxg7 Kxg7 15. Qe1 Qd6 16. Qd2 Bg4 17. Qg5 Be6 18. Rae1 h6 19. Qd2 Nf5 20. Qf2 Rae8 21. g4 Nfe7 22. g5 h5 23. Ne5 Nf5 24. Nf3 Kg8 25. Ba2 b6 26. Bb3 Qd8 27. Qg2 Qd6 28. Qf2 Rd8 29. Ba2 Qf4 30. Ne2 Qxa4 31. Bb3 Qb4 32. Ra1 Na5 33. Ra4 Qb5 34. Nc3 Qc6 35. Ne5 Qd6 36. Re1 Nxb3 37. cxb3 Bc8 38. Rf4 Rfe8 39. Qe2 Kg7 40. b4 Re7 0-1

[Event "Belgrade ChessAmateur op 5th"]
[Site "Belgrade"]
[Date "2019.01.04"]
[Round "1"]
[White "Mrdja, Milan"]
[Black "Vukasinovic, Sasa"]
[Result "1-0"]
[WhiteElo "2281"]
[BlackElo "2010"]
[PlyCount "62"]
[EventDate "2019.01.04"]
[EventType "swiss"]
[EventRounds "9"]
[EventCountry "SRB"]
[SourceTitle "CBM 188 Extra"]
[Source "ChessBase"]
[SourceDate "2019.02.26"]
[SourceVersion "1"]
[SourceVersionDate "2019.02.26"]
[SourceQuality "1"]

1. e4 c5 2. Nf3 d6 3. Bb5+ Bd7 4. c4 Nc6 5. 0-0 g6 6. d4 cxd4 7. Nxd4 Bg7 8. Be3 Nf6 9. Nc3 0-0 10. f3 a6 11. Bxc6 bxc6 12. Nde2 Qc7 13. Rc1 Rfd8 14. Qd2 a5 15. b3 Be6 16. Rfd1 Nd7 17. Kh1 Ne5 18. Nd4 Bd7 19. h3 Bc8 20. Bh6 Nd7 21. Bxg7 Kxg7 22. f4 e5 23. Nf3 exf4 24. Qxf4 Ne5 25. c5 f6 26. cxd6 Rxd6 27. Nd5 Qd8 28. Nxe5 cxd5 29. Nc4 Rd7 30. Rxd5 Rxd5 31. exd5 Bf5 1-0

[Event "SRB-chT2 East"]
[Site "Serbia"]
[Date "2018.09.07"]
[Round "1.6"]
[White "Djordjevic, Dejan N"]
[Black "Vukasinovic, Sasa"]
[Result "0-1"]
[WhiteElo "2182"]
[BlackElo "1990"]
[PlyCount "89"]
[EventDate "2018.09.07"]
[EventType "team-tourn"]
[EventRounds "11"]
[EventCountry "SRB"]
[SourceTitle "EXT 2021"]
[Source "ChessBase"]
[SourceDate "2020.10.23"]
[SourceVersion "1"]
[SourceVersionDate "2020.10.23"]
[SourceQuality "1"]
[WhiteTeam "Nis Nais"]
[BlackTeam "Surdulica Radnik"]
[WhiteTeamCountry "SRB"]
[BlackTeamCountry "SRB"]

1. e4 e5 2. Nf3 Nc6 3. Bc4 Nf6 4. Qe2 Be7 5. 0-0 0-0 6. c3 d6 7. h3 Na5 8. Bb5 a6 9. Ba4 c5 10. d4 Qc7 11. Bc2 b5 12. Bg5 h6 13. Be3 cxd4 14. cxd4 Nc4 15. Bc1 exd4 16. Nxd4 d5 17. exd5 Nxd5 18. Nf5 Bxf5 19. Bxf5 Qe5 20. Qxe5 Nxe5 21. a4 Nb6 22. Bf4 Bf6 23. Nc3 Ng6 24. Bd6 Bxc3 25. bxc3 Nxa4 26. Bxf8 Kxf8 27. c4 Ne5 28. cxb5 axb5 29. Rfb1 Ra5 30. f4 Nc6 31. Bd7 Nd4 32. Re1 g6 33. Re4 Nb3 34. Rb1 Nac5 35. Re8+ Kg7 36. Bc6 Nd4 37. Bd5 Nce6 38. Bxe6 Nxe6 39. Rb4 h5 40. Re7 h4 41. Rb7 Kf6 42. f5 gxf5 43. R7xb5 Ra1+ 44. Kh2 f4 45. Rh5 0-1

[Event "SRB-chT3 South"]
[Site "Serbia"]
[Date "2017.10.14"]
[Round "9.4"]
[White "Vukasinovic, Sasa"]
[Black "Randjelovic, Ivica"]
[Result "1/2-1/2"]
[WhiteElo "2026"]
[BlackElo "1875"]
[PlyCount "157"]
[EventDate "2017.09.03"]
[EventType "team-tourn"]
[EventRounds "11"]
[EventCountry "SRB"]
[SourceTitle "EXT 2022"]
[Source "ChessBase"]
[SourceDate "2021.10.06"]
[SourceVersion "1"]
[SourceVersionDate "2021.10.06"]
[SourceQuality "1"]

1. e4 c5 2. Nf3 e6 3. d4 cxd4 4. Nxd4 Nc6 5. Nc3 Qc7 6. Be2 a6 7. Be3 Nf6 8. 0-0 Bb4 9. Nxc6 bxc6 10. Na4 Be7 11. c4 c5 12. Qc2 0-0 13. f4 d6 14. Bf3 Rb8 15. Nc3 Bb7 16. Rae1 Rfe8 17. Kh1 Bf8 18. Bc1 Bc6 19. b3 Nd7 20. Ne2 a5 21. Nc3 Qb7 22. e5 d5 23. f5 d4 24. fxe6 Rxe6 25. Nd5 Nxe5 26. Be4 Ng6 27. Qf2 Rbe8 28. Bf3 Rxe1 29. Rxe1 Qd7 30. Bd2 Qf5 31. Rxe8 Bxe8 32. Qe1 Ne5 33. Qe4 Qxe4 34. Bxe4 a4 35. Bf4 axb3 36. axb3 f6 37. Kg1 Bh5 38. Bc2 d3 39. Bxe5 dxc2 40. Bf4 c1Q+ 41. Bxc1 Bd1 42. Be3 Bxb3 43. Nb6 Kf7 44. Kf1 Ke6 45. Ke2 Kd6 46. Kd3 Kc6 47. Nd5 Bd1 48. h3 Bh5 49. g4 Bf7 50. Nf4 g5 51. Ne2 Bg6+ 52. Kd2 Be4 53. Bf2 Bg2 54. h4 Bf3 55. hxg5 fxg5 56. Ng3 Bxg4 57. Ne4 Be7 58. Be3 h6 59. Kc3 Bf5 60. Kd3 Bxe4+ 61. Kxe4 h5 62. Kf5 h4 63. Kg4 Kd6 64. Kf5 Kc6 65. Kg4 Kb6 66. Bd2 Kc7 67. Be3 Kd7 68. Bg1 Ke6 69. Bh2 Bd6 70. Bg1 Kf6 71. Be3 Kg6 72. Bg1 h3 73. Kxh3 Kf5 74. Be3 Be7 75. Kg3 g4 76. Bf2 Bd6+ 77. Kg2 Ke4 78. Bg1 Kd3 79. Bxc5 1/2-1/2

[Event "SRB Central-chT qual"]
[Site "Nis"]
[Date "2014.10.05"]
[Round "6"]
[White "Nikolic, Mila"]
[Black "Vukasinovic, Sasa"]
[Result "1-0"]
[WhiteElo "1933"]
[BlackElo "2078"]
[PlyCount "75"]
[EventDate "2014.10.02"]
[EventType "team-tourn"]
[EventRounds "7"]
[EventCountry "SRB"]
[SourceTitle "CBM 163 Extra"]
[Source "ChessBase"]
[SourceDate "2014.12.23"]
[SourceVersion "1"]
[SourceVersionDate "2014.12.23"]
[SourceQuality "1"]

1. e4 e5 2. Bc4 Nf6 3. d3 Be7 4. Nf3 Nc6 5. c3 d6 6. 0-0 0-0 7. Bg5 h6 8. Be3 Na5 9. Bb5 a6 10. Ba4 b5 11. Bc2 c5 12. Nbd2 Qc7 13. Rc1 Be6 14. b3 d5 15. d4 Ng4 16. Nxe5 cxd4 17. cxd4 Nxe3 18. fxe3 Ba3 19. Rb1 Qc3 20. Re1 Rac8 21. exd5 Qxc2 22. dxe6 fxe6 23. Ndf3 Bb4 24. Re2 Qxd1+ 25. Rxd1 Nb7 26. Nd3 Ba3 27. Nf4 Rfe8 28. Ne5 Nd6 29. e4 Nf7 30. Nxf7 Kxf7 31. g3 g5 32. Nh5 e5 33. dxe5 Rxe5 34. g4 Rc1 35. Rxc1 Bxc1 36. Kg2 Rc5 37. e5 Ke6 38. Ng7+ 1-0

[Event "Dos Hermanas Internet qual-E 10th"]
[Site "ICC INT"]
[Date "2009.03.15"]
[Round "5"]
[White "Vukasinovic, Sasa"]
[Black "Asvang, Jon Fredrik"]
[Result "0-1"]
[WhiteElo "2191"]
[BlackElo "2003"]
[PlyCount "50"]
[EventDate "2009.03.15"]
[EventType "swiss (blitz)"]
[EventRounds "12"]
[EventCountry "ESP"]
[SourceTitle "CBM 129 Extra"]
[Source "ChessBase"]
[SourceDate "2009.05.05"]
[SourceVersion "2"]
[SourceVersionDate "2009.05.20"]
[SourceQuality "1"]

1. e4 c5 2. Nf3 d6 3. d4 cxd4 4. Nxd4 Nf6 5. Nc3 a6 6. Be2 e5 7. Nb3 Be7 8. 0-0 0-0 9. Kh1 b5 10. a3 Nbd7 11. f4 Bb7 12. Bf3 Rc8 13. fxe5 dxe5 14. Qe2 h6 15. Be3 Qc7 16. Rad1 Rfd8 17. h3 Bxa3 18. bxa3 Qxc3 19. Na5 Qxa5 20. Rd6 Qxa3 21. Rfd1 Bxe4 22. Bxe4 Nxe4 23. Rxd7 Rxd7 24. Bf4 Rxd1+ 25. Qxd1 Nf2+ 0-1

[Event "Dos Hermanas Internet qual-D 10th"]
[Site "ICC INT"]
[Date "2009.03.14"]
[Round "11"]
[White "Vukasinovic, Sasa"]
[Black "Mooi, Osric Kok Onn"]
[Result "0-1"]
[WhiteElo "2191"]
[BlackElo "2044"]
[PlyCount "60"]
[EventDate "2009.03.14"]
[EventType "swiss (blitz)"]
[EventRounds "12"]
[EventCountry "ESP"]
[SourceTitle "EXT 2010"]
[Source "ChessBase"]
[SourceDate "2010.11.25"]
[SourceVersion "1"]
[SourceVersionDate "2010.11.25"]
[SourceQuality "1"]

1. e4 e5 2. Nf3 Nc6 3. Bb5 Nf6 4. Nc3 a6 5. Be2 d5 6. exd5 Nxd5 7. Nxd5 Qxd5 8. d3 Bc5 9. 0-0 0-0 10. Be3 Bd6 11. c4 Qe6 12. c5 Be7 13. Qb3 Qg6 14. Kh1 h6 15. d4 e4 16. Ne5 Nxe5 17. dxe5 Kh8 18. f4 exf3 19. Bxf3 Rb8 20. Qc3 b6 21. c6 Be6 22. b4 Rfd8 23. Rfd1 Bg4 24. Bxg4 Qxg4 25. a4 Rxd1+ 26. Rxd1 Qxd1+ 27. Bg1 a5 28. e6 axb4 29. Qe5 Bc5 30. Qxc5 bxc5 0-1

[Event "Dos Hermanas Internet qual-A 10th"]
[Site "ICC INT"]
[Date "2009.03.13"]
[Round "8"]
[White "Torgersen, Terje"]
[Black "Vukasinovic, Sasa"]
[Result "1-0"]
[WhiteElo "2050"]
[BlackElo "2191"]
[PlyCount "37"]
[EventDate "2009.03.13"]
[EventType "swiss (blitz)"]
[EventRounds "12"]
[EventCountry "ESP"]
[SourceTitle "CBM 129 Extra"]
[Source "ChessBase"]
[SourceDate "2009.05.05"]
[SourceVersion "2"]
[SourceVersionDate "2009.05.20"]
[SourceQuality "1"]

1. e4 e5 2. Nf3 Nc6 3. Bb5 a6 4. Ba4 Nf6 5. d4 b5 6. Bb3 exd4 7. 0-0 d6 8. Bd5 Nxd5 9. exd5 Ne5 10. Nxd4 Be7 11. Nc3 0-0 12. f4 Nc4 13. Nc6 Qd7 14. b3 Nb6 15. Bb2 Bf6 16. Qf3 Bb7 17. g4 Bxc3 18. Qxc3 Nxd5 19. Qxg7# 1-0